000 00683nam a2200217 u 4500
005 20240802063714.0
008 121005s2009 r 000 0 eng d
020 _a9786074561692
035 _aUPN01000187162
049 _aI
050 4 _aPQ7298.28 O4.2
_bG5.7
100 1 _aRomán, Edgar
_934057
245 1 0 _aUn girasol en la punta de la nariz /
_cEdgar Román ; il. de Ana Sanfelippo.
260 _aMéxico :
_bProgreso,
_c2009.
300 _a[40] p. :
_bil. col.
440 0 _aRehilete.
_pPara los que se inician en la lectura
650 4 _aLiteratura infantil mexicana
_910209
650 4 _aLibros y lectura para niños
_92290
905 _aInfantil
999 _c159265
_d159265